000
00203 a2200097 4500
001
3680
100
_a
Hasan, K S
245
_a
China, India Pakistan
260
_a
_b
Pak Inst Int
_c
090
_c
2940
_d
2940
942
_a
NUST-CAE
_c
M
_c
21558
999
_c
238753
_d
238753